000 00483nam a22001817a 4500
003 LK-CoDNM
005 20251224134041.0
008 251224b |||||||| |||| 00| 0 eng d
040 _aLK-CoDNM
_dLK-CoDNM
_eLK-CoDNM
041 _atam
080 _aTA
_b523
100 _aபதஂமநாதனஂ
245 _aபுயலுகஂகுபஂபினஂ
260 _aColombo
_bவீரகேசரி
300 _a147p,18cm
650 _aபுயலஂ
942 _cBK
999 _c240464
_d240464